000 00368nam a2200145Ia 4500
008 230917s9999||||xx |||||||||||||| ||und||
040 _e54901
_aMAIN
041 _aEnglish
082 _a910.0182 R631S
100 _aRogerson, Peter A
245 0 _aStatistical methods for geography
260 _aLondon
_bSage Publications
_c2001
300 _ax, 236 p.
942 _cBK
999 _c92785
_d92785